[Event "Corus Chess A 2008 "]
[Site "Wijk aan Zee"]
[Date "2008.01.12"]
[Round "1"]
[White "Kramnik, Vladimir"]
[Black "Van Wely, Loek"]
[Result "1/2-1/2"]
[WhiteElo "2799"]
[BlackElo "2681"]
[Annotator "Ëåáåäåâ Âàñèëèé"]
[PlyCount "49"]
[EventDate "2008.01.12"]

{Ïåðâàÿ ïàðòèÿ Âëàäèìèðà Êðàìíèêà íà òóðíèðå ýòîãî ãîäà ïîëó÷èëàñü «íå
ñîâñåì» òàêîé, êàê ïîñëåäíÿÿ â ïðîøëîì ÿíâàðå.} 1. d4 d5 2. c4 c6 3. Nf3 Nf6
4. Qb3 ({Ãîä íàçàä Âëàäèìèð èçáðàë} 4. e3 e6 5. Bd3 Nbd7 6. b3 b6 7. O-O Bb7 8.
Bb2 Be7 9. Nc3 O-O 10. Qc2 Rc8 11. Rad1 Qc7 12. Ne5 h6 13. Qe2 Rfd8 14. f4 {
, ïîñëå ÷åãî âûèãðàë ïðÿìîé àòàêîé} c5 15. cxd5 Nxd5 16. Nb5 Qb8 17. Nxd7 Rxd7
18. f5 Bg5 19. fxe6 fxe6 20. Qg4 Re7 21. Qe4 Nf6 22. Qg6 Kh8 23. dxc5 Rxc5 24.
Rxf6 gxf6 25. Bxf6+ Bxf6 26. Qxf6+ Rg7 27. Qxh6+ Kg8 28. Qxe6+ Kh8 29. Qh6+ Kg8
30. e4 a6 31. Nd6 b5 32. Qe6+ Kh8 33. Nf7+ Kg8 34. Ng5+ Kh8 35. Qh6+ Kg8 36.
Qe6+ Kh8 37. Qh6+ Kg8 38. Ne6 Rh7 39. Qg6+ Kh8 40. e5 {
(1-0 Kramnik,V (2766) - Van Wely,L (2683)/Wijk aan Zee NED 2007).}) 4... e6 5.
Bg5 h6 6. Bh4 {È Ëþê ïðèìåíÿåò íîâèíêó.} g5 $5 $146 {
Êàê ìèíèìóì, îáðåòàÿ ïðåñëîâóòîå ïðåèìóùåñòâî äâóõ ñëîíîâ.} ({
Óêëîíÿÿñü òåì ñàìûì îò ïðîäîëæåíèÿ} 6... Nbd7 {
, ÷òî ïðèíåñëî ÷¸ðíûì áîëüøèå íåïðèÿòíîñòè â ñëåäóþùåé ïàðòèè:} 7. e3 Be7 8.
Nc3 O-O 9. Bd3 b6 10. cxd5 cxd5 11. O-O Bb7 12. Rfc1 a6 13. Na4 b5 14. Nc5 Nxc5
15. dxc5 Ne4 16. Bxe7 Qxe7 17. c6 Bc8 18. a4 bxa4 19. Rxa4 Nd6 20. Qa3 Qc7 21.
b4 Qb6 22. b5 Nxb5 23. Bxb5 Qxb5 24. Rb4 Qe2 25. Rb2 {
(1-0 Gelfand,B (2733) - Van Wely,L (2683)/Monte Carlo MNC 2007).}) 7. Bg3 Ne4
8. Nc3 Nxg3 9. hxg3 Bg7 10. e3 Nd7 (10... Qb6 $5) 11. Bd3 Rb8 12. cxd5 cxd5 (
12... exd5 13. Qa3 a6) 13. g4 $5 (13. Nb5 $5 Qa5+ ({ñëàáî} 13... a6 $6 {ââèäó}
14. Nd6+ Kf8 15. Rc1 Nf6 $140 $2 16. Qa3 Kg8 17. Ne5 Bf8 18. Ndxf7 $18) 14. Ke2
$14 {(ÈÌÕÎ)}) (13. Qa3 $5) 13... a6 14. Ne2 {
Ãì-ì... Î÷åíü ìîæåò áûòü, ÷òî ýòîò õîä êîí¸ì îêàçàëñÿ íå òóäà.} Nf6 ({
Íàïðàøèâàþùèéñÿ øàõ} 14... Qa5+ {
ìîã ïðèâåñòè ê òîé æå ñèòóàöèè, ÷òî è â ïàðòèè} 15. Qc3 Qxc3+ 16. bxc3 Nf6 17.
Ne5 Nd7 18. f4 {è ò.ä.}) 15. Ne5 (15. O-O Nxg4 16. Bxa6) 15... Nd7 16. Nf3 Nf6
17. Ne5 Nd7 18. f4 $1 {Íå ñîãëàøàòüñÿ æå íà íè÷üþ â ïåðâîì òóðå íà 18-ì õîäó
äà åù¸ è áåëûìè ôèãóðàìè!} gxf4 19. exf4 Nxe5 20. dxe5 Qa5+ 21. Qc3 {
È ýòî õîä, íàâåðíîå, íå ëó÷øèé.} ({
Âèäèìî, ÷òîáû èãðàòü íà ïîáåäó òóò íàäî áûëî ðèñêîâàòü} 21. Kf2 $5 f6 $140 22.
exf6 Bxf6 23. Rac1 {, È åñëè, íàïðèìåð,} Bd7 {, òî} 24. Bg6+ Ke7 25. f5 $5 $36
{, êðåïêî íàäåÿñü íà} e5 $2 ({íî} 25... Bg5 $1) 26. Nc3 Bc6 27. Rhd1 Rhd8 (
27... Rbd8 28. Ne4) 28. Ne4 $1 $16 {Íî âñ¸ ýòî, êîíå÷íî, ñêàçêè Àíäåðñåíà...})
21... Qxc3+ 22. bxc3 $1 {Õîä êàê áû ñî ìíîãèìè èäåÿìè: òóò òåáå è
«âñêðûâàíèå» ëèíèè «b», òóò òåáå è îáåñïå÷åíèå ïîëÿ d4 äëÿ êîíÿ, íî...} f6
$1 {È ñëîíû ÷¸ðíûõ ãîòîâÿòñÿ âûéòè íà ñâîáîäó.} 23. exf6 Bxf6 24. Rb1 $1 {
Ïîñëåäíèé øàíñ, íî ÷¸ðíûå òî÷íû -} b5 $1 ({Ñëàáî áûëî áû} 24... e5 $2 {ââèäó}
25. Rb6 $1 {, è ó ãîëëàíäöà íà÷èíàëèñü íåïðèÿòíîñòè. Ê ïðèìåðó,} Ke7 ({
åù¸ õóæå} 25... Kf7 {ââèäó} 26. g5 $1 Bg7 27. gxh6 {è íà} e4 {ñëåäóåò òèõîå}
28. Bc2 $1 {ñ ïðîñòîé óãðîçîé Bb3, è äàëåå} Bd7 29. c4 $1 $16) ({èëè} 25... Bd8
26. Rbxh6 Rxh6 27. Rxh6 e4 (27... Bxg4 28. fxe5 $16) (27... exf4 28. Rh8+ Ke7
29. g5 $16) 28. Bc2 Bxg4 29. Bb3 {, è ïåøêó ÷¸ðíûå âñ¸-òàêè ïðîèãðàþò}) 26.
Bf5 $1 $36 {(} Bxf5 27. gxf5 Kf7 28. Kf2 {, êàê ìèíèìóì, âûèãðûâàÿ ïåøêó}) 25.
a4 {È ïîñëåäîâàëî ñâîåâðåìåííîå ñîãëàøåíèå íà íè÷üþ, èáî ó ÷¸ðíûõ òóò äâà
ñëîíà. È â áóäóùåì... íó , ñàìè ïîíèìàåòå. ;)} 1/2-1/2

[Event "Corus Chess A 2008"]
[Site "Wijk aan Zee"]
[Date "2008.01.12"]
[Round "1"]
[White "Mamedyarov, Shakhriyar"]
[Black "Carlsen, Magnus"]
[Result "0-1"]
[WhiteElo "2760"]
[BlackElo "2733"]
[Annotator "Âèðøè÷ Âàñèëèé"]
[PlyCount "92"]
[EventDate "2008.01.12"]

1. e4 c5 2. Nf3 Nc6 3. Nc3 {Òàêîé ïîðÿäîê õîäîâ îáû÷íî èñïîëüçóþò, ÷òîáû
èçáåæàòü ÷åëÿáèíñêèõ ìîòèâîâ, à ìîòèâû ýòè ïðî÷íî âõîäÿò â ðåïåðòóàð
Êàðëñåíà.} g6 4. g3 Bg7 5. Bg2 d6 6. O-O Bg4 7. h3 Bxf3 8. Qxf3 Nf6 ({
Äðóãàÿ íå ìåíåå ïîïóëÿðíàÿ ðàññòàíîâêà} 8... e6 9. Ne2 Nge7) 9. d3 O-O 10. Qd1
{Ýòîò õîä âñ¸ ðàâíî, ðàíî èëè ïîçäíî, ïðèä¸òñÿ äåëàòü. Ôåðçü  îñâîáîæäàåò
äîðîãó ïåøêå «f».} ({Îäíàêî åñëè áû Øàõðèÿð çíàë íàïåð¸ä, ÷òî åãî æä¸ò, ÿ
äóìàþ îí áû ïðåäïî÷¸ë áîëåå î÷åâèäíîå} 10. Be3) 10... Nd7 (10... Rb8 $5 11.
f4 Nd7 12. a4 a6 {, íî ó Ìàãíóñà äðóãîå íà óìå.}) 11. f4 c4 $5 $146 {Êîíêðåòíûé
ïîäõîä! Ïîëüçóÿñü òåì, ÷òî áåëûé ñëîí íà å3 åù¸ íå ïîïàë è îòâåòà d4 íåò, ÷¸ðíûå
 ðàçðóøàþò öåïü áåëûõ ïåøåê.} (11... Rb8 {
ñâîäèëî èãðó ê óæå ðàññìîòðåííûì îáðàçöàì}) 12. dxc4 Na5 13. Nd5 ({
Ïåøêó, åñòåñòâåííî, íå óäåðæàòü:} 13. Qd3 Rc8 14. b3 b5 $1) 13... Nxc4 14. c3
Ndb6 15. Qe2 Rc8 16. Kh2 e6 17. Nb4 $6 ({÷¸ðíûå êîíè íåìíîãî ìåøàþò äðóã
äðóãó è ïîñåìó ïîíÿòíî æåëàíèå Ìàìåäüÿðîâà óêëîíèòüñÿ îò ðàçìåíà îäíîãî èç
êîíåé. Îäíàêî íà b4 áåëûé êîíü ðàñïîëîæåí íåóäà÷íî è ñòîèëî ïðåäïî÷åñòü} 17.
Nxb6 $1 Qxb6 18. f5) 17... Na4 {Â ðåçóëüòàòå íà ôåðçåâîì ôëàíãå óæå îùóùàåòñÿ 
íåïðèÿòíîå äàâëåíèå, è âçãëÿä íåâîëüíî îñòàíàâëèâàåòñÿ íà áåëîì ñëîíå ñ1 è
ñòîÿùåé çà íèì ëàäüå.} 18. f5 ({Íà íåòîðîïëèâîå} 18. g4 {óæå ìîæíî ïîëó÷èòü}
Naxb2 $1 19. Bxb2 Nxb2 20. Qxb2 Bxc3) 18... Re8 ({Ñåé÷àñ} 18... Naxb2 {
íå ïðîõîäèò èç-çà} 19. fxe6 $1 fxe6 20. Rxf8+ Qxf8 21. Bxb2 Nxb2 22. Rf1 $1 {
, è ÷¸ðíûå îñòàþòñÿ ëèøü ñ äâóìÿ ïåøêàìè çà ôèãóðó}) ({Íî ñòîèëî ïîäóìàòü î} 
18... a5 19. Nd3 Nc5 20. Nxc5 Rxc5 {ñ íåÿñíîé èãðîé}) 19. fxe6 ({
Óäèâèòåëüíî, íî Øàõ ïðîõîäèò ìèìî} 19. f6 $1 Bf8 $140 ({åñëè} 19... Bxf6 {, òî}
20. Qf2 Kg7 21. b3 $13 {(} Nxc3 22. bxc4 Rxc4 23. Nd3 Nxe4 24. Bxe4 Rxe4 25.
Rb1 {è ò.ä.)}) 20. e5 d5 (20... Nxe5 21. Bxb7) 21. Nd3 Qc7 22. Bf4 {
è ïåðåâåñ áåëûõ íå âûçûâàåò ñîìíåíèé}) 19... fxe6 20. Nd3 Qb6 21. h4 {
Â ïîèñêàõ êîíòðèãðû} (21. Qf2 $5 Qxf2 22. Rxf2 Nc5 23. Nxc5 Rxc5 {
ñ ïåðåâåñîì, íî ó áåëûõ ñîõðàíÿþòñÿ íåïëîõèå øàíñû íà íè÷üþ}) 21... Qa6 22.
Rf2 Ne5 23. Nf4 ({Ïî÷åìó íå} 23. Nxe5 Qxe2 24. Rxe2 Bxe5 25. Bf4 {?}) 23...
Nc5 24. Qxa6 bxa6 25. Re2 h6 26. Kh1 a5 {
Çà íåòîðîïëèâûìè, «çðåëûìè» äåéñòâèÿìè Ìàëûøà ïðèÿòíî íàáëþäàòü.} 27. Be3 {
Íàêîíåö-òî áåëûå çàêàí÷èâàþò ðàçâèòèå, íî ïîÿâëÿþòñÿ ïðîáëåìû ñ çàùèòîé
ïåøêè b2} a4 28. Rd1 Rc6 29. Bd4 g5 30. Nh3 g4 31. Nf4 Rb6 32. Nh5 Bh8 33. Red2
$2 {Ñëèøêîì ïàññèâíî!} ({Ïîñëå} 33. Rf2 $1 {áåëûå äîñòèãàëè íè÷åéíîé ãàâàíè}
Reb8 34. Nf6+ Bxf6 35. Rxf6 Kg7 36. Rdf1 R8b7 ({èëè} 36... Rxb2 37. Rf7+ Kg8
38. Bxe5 dxe5 39. Rc7 Nd3 40. Rf6 h5 41. Rg6+ $11) 37. h5 Rxb2 38. Bxc5 dxc5
39. Rxe6 Nf3 40. Bxf3 gxf3 41. Rxf3 Rxa2 42. Rg6+ Kh7 43. Rgf6 $11) 33... Reb8
34. Bxc5 dxc5 35. Rd8+ Kf7 36. Rxb8 Rxb8 37. Rd2 Nc4 38. Rd7+ Ke8 39. Rxa7 Be5
40. Rxa4 Ne3 {Çäåñü Ìàìåäüÿðîâ, âèäèìî, èñïûòûâàÿ íåõâàòêó âðåìåíè, ñäàëñÿ.
Ïîïðîáóåì ïîñìîòðåòü, êàê áû ìîãëà ïðîäîëæàòüñÿ èãðà} 41. b3 Rd8 42. Kg1 Rd2
43. Bh1 Nd1 44. Ra7 Nxc3 45. Bg2 Bd4+ 46. Kh1 Rxa2 {Ïîáåäà ÷åðíûõ ëèøü âîïðîñ
âðåìåíè. Áåëûå íå â ñîñòîÿíèè çàùèùàòü êîðîëÿ è ïðèñìàòðèâàòü çà
ìíîãî÷èñëåííûìè ñëàáîñòÿìè. Âñÿ ïàðòèÿ äëÿ Øàõðèÿðà ïðîøëà ïîä çíàêîì
íåðàçâèòîãî ôåðçåâîãî ôëàíãà, ÷òî, âèäèìî, ñêîâàëî âîëþ è àêòèâíûå ïîìûñëû
Ìàìåäüÿðîâà. Ìàãíóñ Êàðëñåí, â öåëîì, ñèëüíî ïðîâåë ïàðòèþ è íå äàë øàíñîâ
Ìàìåäüÿðîâó íà èñïðàâëåíèå äåáþòíûõ íåòî÷íîñòåé.} 0-1

[Event "Corus Chess B 2008"]
[Site "Wijk aan Zee"]
[Date "2008.01.12"]
[Round "1"]
[White "Nepomniachtchi, Ian"]
[Black "L'Ami, Erwin"]
[Result "1/2-1/2"]
[WhiteElo "2600"]
[BlackElo "2581"]
[Annotator "Ëåáåäåâ Âàñèëèé"]
[PlyCount "73"]
[EventDate "2008.01.12"]

1. e4 e5 2. Nf3 Nf6 3. d4 Nxe4 4. dxe5 d5 ({Ïîñëå} 4... Bc5 $5 {ìû, íàâåðíÿêà,
ñòàëè áû ñâèäåòåëåì èñïîëíåíèÿ ßíîì äîìàøíåãî çàäàíèÿ íà òåìó  «Êàê
îïðîâåðãíóòü Âàñèëèÿ Ìèõàéëîâè÷à», èãðàâøåãî â ñëåäóþùåé ïàðòèè òàê:} 5. Qd5
Bxf2+ 6. Kd1 f5 7. Bc4 Qe7 8. Nc3 c6 9. Qd3 b5 10. Bb3 a5 11. a4 b4 12. Nxe4
fxe4 13. Qe2 d5 14. exd6 Qxd6+ 15. Bd2 e3 16. Rf1 Ba6 17. Bc4 Bxc4 18. Qxc4 Ra7
19. Ke2 Re7 20. Be1 Qg6 21. g3 Re4 22. Qd3 Nd7 23. Rd1 O-O 24. Qxd7 Qh5 25. g4
Qh3 26. Ng5 Qg2 27. Bxf2 Rxf2+ 28. Rxf2 exf2+ {(0-1 Bruzon Batista,L (2607) -
Ivanchuk,V (2787)/Merida MEX 2007). ×¸ðíûå èçáèðàþò ìåíåå àìáèöèîçíîå, íî
áîëåå ïîïóëÿðíîå ïðîäîëæåíèå.}) 5. Nbd2 {
Íåìåäëåííî íà÷èíàÿ áåñïîêîèòü âðàæåñêîãî öåíòðàëüíîãî âûäâèæåíöà} Nxd2 6. Qxd2
({Ïîñëåäíÿÿ  ïàðòèÿ «ïðèëè÷íûõ» øàõìàòèñòîâ íà òåìó} 6. Bxd2 {
ïðîòåêàëà ñëåäóþùèì îáðàçîì:} Be7 7. Bb5+ c6 8. Bd3 Nd7 9. b4 a5 10. bxa5 Nc5
11. O-O O-O 12. Rb1 Re8 13. Re1 Bg4 14. h3 Bh5 15. Bf5 Qc7 16. Qc1 Bxf3 17.
gxf3 g6 18. Bd3 Bd8 19. Qa3 Ne6 20. f4 Qd7 21. f5 Nd4 22. Kg2 Nxf5 23. Bxf5
Qxf5 24. Rxb7 Rxe5 25. Rxe5 Qxe5 26. Qf3 Bf6 27. Bh6 Qe4 28. a6 Qxf3+ 29. Kxf3
Bd4 30. c3 Bxc3 31. a7 Be5 32. Bf4 Bxf4 33. Kxf4 Kg7 34. Ke5 g5 35. Kd4 h5 36.
Kc5 g4 37. h4 d4 38. Kxd4 Kg6 39. Kc5 f5 40. Kb6 f4 41. Rb8 Rxa7 42. Kxa7 Kf5
43. Kb6 {(1-0 Oleksienko,M (2487)-Jovanic,O (2447)/Pardubice 2005).}) 6... Be7
7. Qf4 (7. Bb5+ $145 c6 8. Be2 O-O 9. O-O f6 10. c4 fxe5 11. cxd5 cxd5 12. Nxe5
Nc6 13. Nxc6 bxc6 14. b3 c5 15. Ba3 Bb7 16. Rac1 Rc8 17. Bg4 Rc7 18. Rce1 d4
19. Qd3 Bd6 20. Bc1 Kh8 21. f4 Re7 22. Rxe7 Qxe7 23. Bd2 Be4 {
(1/2 Svidler,P (2713) - Kramnik,V (2751)/Dos Hermanas 1999).}) 7... c5 ({
Ñîãëàñèìñÿ, ÷òî ïîñëå} 7... O-O 8. Qg3 {
áåëûé ôåðçü íàõîäèòñÿ òàì, ãäå ýòî íóæíî (ãðîçèì, ìåæäó ïðî÷èì, Bh6)}) ({
Èãðàëè çäåñü è} 7... Qd7 $5 {
ñ èäååé ðàçìåíÿòü ôåðçåé, íî ýíäøïèëü ïîëó÷àþùèõñÿ ïîñëå ýòîãî âûãîäåí áåëûì}
) 8. c4 $5 $146 {Âîò è íîâèíêà ïîäîñïåëà.} ({Ðàíåå áåëûå èãðàëè òîëüêî} 8. Qg3
{, íî îãëóøèòåëüíûõ  óñïåõîâ íå äîáèâàëèñü. Õîòÿ ïîñëå} g6 9. Bh6 $5 {
ó íèõ ïåðåâåñ. Íî çäåñü íåîáõîäèìî, ÷òîáû íà ýòó ïîçèöèþ ñâåæèì âçãëÿäîì
ïîãëÿäåë êàêîé-íèáóäü «ñåìèñîòíèê».}) 8... Be6 (8... d4 {ïî-ìîåìó, ïîçâîëÿåò
áåëûì ñ óäîáñòâîì íà÷àòü ðàçìåùåíèå ñâîèõ ÿâíî àòàêóþùèõ ôèãóð -} 9. Bd3 {
è ò.ä.}) 9. Qg3 dxc4 {×òî òóò ìîæíî ñêàçàòü? Ñìåëî!} ({
Íî, äóìàåòñÿ, ÷òî â áóäóùåì ÷¸ðíûå èãðàòü çäåñü áóäóò âñ¸ æå} 9... g6) 10.
Qxg7 Rf8 11. Be2 $1 ({Îò äàëüíåéøåãî ïåøêîåäñòâà -} 11. Qxh7 {ðàçóìíî âîçäåðæàòüñÿ.
 Óæ ñëèøêîì ñèëüíî áåëûå îòñòàþò ïîñëå ýòîãî â ðàçâèòèè, ê òîìó æå
âñêðûâàåòñÿ äîïîëíèòåëüíàÿ âåðòèêàëü íà êîðîëåâñêîì ôëàíãå äëÿ ÷¸ðíûõ ëàäåé.})
11... Nc6 12. O-O Qd7 ({Íå ÿâëÿëàñü (ÈÌÕÎ) ñâåòëîé è ñëåäóþùàÿ çàùèòíàÿ ìûñëü
} 12... Qd5 $5 13. Rd1 $140 Qe4 {ââèäó} 14. Be3 Qg6 15. Qxg6 hxg6 16. Rdc1 $1 {
(èìåííî ýòîé ëàäü¸é, âòîðàÿ è íà à1, â ïðåäâèäåíèè à2-à4 ðàñïîëîæåíà âåñüìà
íåïëîõî)} {È åñëè} b5 {, òî} 17. a4 $1 {è ò.ä.}) 13. Rd1 Nd4 14. Nxd4 cxd4 15.
Be3 d3 16. b3 $6 {Ý-ýõ! Âîò æå íåçàäà÷à! Ñáîé â àòàêóþùåé ïðîãðàììå ìîëîäîãî
ðîññèéñêîãî Òåðìèíàòîðà. ;)} ({Ïîñëå} 16. Rac1 $1 {
÷¸ðíûì ïðèøëîñü áû åù¸ î÷åíü ïîäíàïðÿ÷üñÿ, ÷òîáû ðåøèòü ñâîè ïðîáëåìû.} {
Íàïðèìåð,} Qa4 (16... O-O-O $2 17. Rxd3 $18) 17. Bf3 O-O-O 18. b3 $1 {è ò.ä.})
16... O-O-O {Êîðîëü ÷¸ðíûõ ñáåæàë, ëàäüè ñîåäèíèëèñü, è òåïåðü àòàêîâàòü
áóäåò óæå ãîëëàíäñêèé ãðîññìåéñòåð.} 17. Bf1 ({Ïëîõî} 17. Bf3 c3 {è ò.ä.}) ({
Óæàñíî} 17. Qxh7 {èç-çà} Rh8 18. Qe4 Rh4 19. f4 Bd5 20. Qd4 dxe2 $19) 17... Rg8
18. Qh6 $1 ({Åñëè} 18. Qxh7 {, òî ïîñëå} Rh8 $6 {
èãðà ïîéä¸ò ïðàêòè÷åñêè íà ðàâíûõ. Âîò äîêàçàòåëüñòâà ýòîãî -} 19. Qe4 Rh4 20.
f4 (20. Qf3 Bg4 {è ò.ä.}) 20... Bd5 21. Qd4 Rg8 22. Rac1 ({íî íå} 22. g3 $2
Rxh2 $1 23. Kxh2 Qg4 $19) 22... Qh3 {È òåïåðü âûðó÷àåò} 23. Rxc4+ $1 Bxc4 24.
Qxc4+ Kb8 25. Rxd3 Qxh2+ 26. Kf2 Qg3+ 27. Ke2 ({íî íå} 27. Kg1 $4 {ââèäó} b6 $1
{, è ñïàñåíèÿ íåò -} 28. Rc3 {(èíà÷å Rgh8)} Bc5 $1 29. Bxc5 Qh2+ 30. Kf2 Rxf4+
{è ò.ä.}) 27... Qg4+ 28. Kd2 $13 ({ñëàáî} 28. Ke1 Rh1 29. Rc3 $140 Rxf1+ $1 30.
Kxf1 Qd1+ 31. Kf2 Bh4+ 32. g3 Bxg3+ 33. Kg2 Bh2+ 34. Kxh2 Qh5# $1)) ({
Íî âñ¸ äåëî â òîì, ÷òî ïîñëå} 18. Qxh7 {÷¸ðíûå îòâå÷àëè áû} Qc6 $1 {
È â îòâåò íà åäèíñòâåííîå} 19. Rxd3 $1 (19. bxc4 $2 Rh8 20. Qg7 Rdg8 $19) {
íà÷àëè áû ýôôåêòíî «ôîðñàæèòü» â ñâîþ ïîëüçó:} 19... cxd3 20. Rc1 Bc5 $1
21. Rxc5 (21. Bxc5 d2 $19) 21... Qxc5 $1 22. Bxc5 d2 23. Qxg8 $1 {
(åäèíñòâåííîå)} Rxg8 24. Be2 Bh3 $1 {, âûä¸ðãèâàÿ âïåð¸ä îäíó ïåøêó, ÷òî
ïîëîæåíèå ïîçèöèè ðîêèðîâêè áåëûõ îòíþäü íå óêðåïëÿåò.} 25. g3 Rd8 26. Bd6 (
26. Bd1 Rd3 $1 {, ñ èäååé Rc3} 27. Bb4 {
Ïîëå ñ3 ïîêà ïðèêðûëè, íî ïîñëå ïðîñòîãî} b6 {
ìîæíî ñäàâàòüñÿ, èáî à7-à5 íå ïðåäîòâðàòèòü.}) 26... Kd7 27. Bb5+ ({èëè} 27.
Bb4 Ke6 28. Bd6 Rc8 $19) 27... Ke6 28. Bc4+ Kf5 29. Bd3+ Kg5 {
Åù¸ îäèí õîä è ìîæíî îïóñêàòü çàíàâåñ -} 30. Be2 Rc8 $19) 18... Rg6 19. Qxh7
Rdg8 $5 ({Ïîñëå} 19... Qc6 $1 {â ðåçóëüòàòå àíàëèçà âûïëûëà «ðûáà»} 20. g3
Qe4 ({ñëàáî} 20... c3 21. Bxd3 Qf3 $140 22. Bc2 $18) 21. Bg2 Qxe5 22. Bf4 Qd4
23. Be3 Qe5 ({îïàñíî} 23... Qf6 24. Qh5 Bg4 25. Bh3 $1 {è äàëåêî ïðîäâèíóòûå
ïåøêè ÷¸ðíûõ ñòàíóò íå ñêàæó ÷òî ë¸ãêîé, íî äîáû÷åé ïðîòèâíèêà:} Qe6 26.
Bxg4 Qxg4 27. Qxg4+ Rxg4 28. f3 Rg6 29. Rac1 {è ò.ä.}) 24. Bf4 Qd4 25. Be3 $11)
20. Rac1 $5 {×òîáû ïîáåæäàòü, íàäî ðèñêîâàòü! Ïðàâäà, êòî ñëèøêîì ðèñêóåò,
òîò íåðåäêî íå øàìïàíñêîå ïü¸ò, à ãîðüêóþ çàëèâàåò.} ({Ïîñëå} 20. bxc4 $2 Qe8
$1 {çíà÷èòåëüíî âûèãðûâàëî â ñèëå. Ãðîçèò âûèãðûø ôåðçÿ} 21. Bxd3 Rxg2+ 22.
Kf1 (22. Kh1 R2g4 $1 {è ôåðçü âñ¸ æå ëîâèòñÿ}) 22... Qc6 $40 {
Äâå ëèøíèõ ïåøêè òóò ñîâñåì áåëûõ íå ðàäóþò...}) ({
Íî, ïî âñåé âèäèìîñòè, ÷¸òêîå} 20. g3 {
çàñòàâëÿëî ÷¸ðíûõ óñòðîèòü âå÷íóþ îõîòó íà âðàæåñêîãî ôåðçÿ} R8g7 21. Qh8+
Rg8 22. Qh7 {è ò.ä.}) 20... Kb8 21. g3 Qe8 {Âñ¸ ãîòîâî ê çàõëîïûâàíèþ êàïêàíà.
} 22. Bh3 $1 R6g7 ({Ê òîìó æå ÷òî ñëó÷èëîñü è â ïàðòèè, íî ïðèíóäèòåëüíî âåëî
} 22... Rh8 23. Qxg6 fxg6 24. Bxe6 {è ò.ä.}) 23. Qh6 Rg6 24. Qh5 (24. Qh7 Rh8 {
è ò.ä.}) 24... Rh8 25. Qxg6 {Âûíóæäåííî è íå ñêàçàë áû, ÷òî õîðîøî.} fxg6 26.
Bxe6 Ba3 $6 {
À ýòî «î÷åâèäíîå» ïðîäîëæåíèå, âèäèìî, óïóñêàåò øàíñû íà ïîáåäó.} ({
Ëó÷øå, ïîõîæå, áûëî} 26... Bg5 $1 27. Bxg5 ({ñëîíà ñïàñòè íåëüçÿ:} 27. Bxc4 $2
Bxe3 28. fxe3 Qxe5 $19 {Ê ïðèìåðó,} 29. Rxd3 ({èëè} 29. Bxd3 Qxe3+ 30. Kg2 Rd8
31. Rc3 $140 Rf8 $19) (29. Re1 $4 d2) 29... Qb2 $19) 27... Qxe6 28. Rxc4 {
Âðîäå âûíóæäåííî.} Qh3 29. Rh4 ({åñëè} 29. Bh4 {, òî} g5 $1) 29... Rxh4 30.
Bxh4 ({íî íå} 30. gxh4 $4 Qg4+) 30... Qf5 ({
çàáàâíîå, íî òðóäíîå äëÿ îöåíêè ïîëîæåíèå ïîëó÷àòñÿ ïîñëå} 30... g5 $5 31.
Bxg5 Qg4 32. Rxd3 Qxg5 33. f4 {è ò.ä.}) 31. e6 Qxe6 32. Rxd3 Qe2 {, è ïåøêè íà
ôåðçåâîì ôëàíãå «ñûïÿòñÿ». Õîòÿ íàä âîïðîñîì î âîçìîæíîñòè ïîñòðîåíèÿ
«âíåçàïíûõ» êðåïîñòåé ÿ òóò íå î÷åíü-òî çàäóìûâàëñÿ. Íî ÿñíî, ÷òî áåëûì
çäåñü, êàê ìèíèìóì, ïðèøëîñü áû ïîïîòåòü}) 27. Bxc4 $1 Bxc1 28. Rxc1 ({Ïîñëàáåå
} 28. Bxc1 {ââèäó} g5 $1 {è äàëåå} 29. Be3 Qh5 30. Rxd3 Qxh2+ 31. Kf1 Qh3+ 32.
Ke2 {, è òåïåðü â ðàñïîðÿæåíèè ÷¸ðíûõ åñòü õèòðûé òàêîé áîêîâîé óäàð÷èê -} b5
$5 33. Bxb5 $140 $2 Qg4+ 34. Kf1 (34. Kd2 Qb4+ {è ò.ä.}) 34... Rh1+ 35. Kg2
Qh3+ 36. Kf3 Qf5+ 37. Kg2 Ra1 {, è ñòðàäàíèÿ áåëûõ ïðîäîëæàþòñÿ...}) 28... g5
{Ìûñëü õîäà ïîíÿòíà, íî ÿâëÿåòñÿ ëè îí ñèëüíåéøèì?} ({
Ïîïðîáóåì ïðîáðàòüñÿ ôåðç¸ì íà ëèíèþ «h» ïî-äðóãîìó -} 28... d2 $5 29. Bxd2
Qd7 30. Bb4 Qh3 31. Bd6+ Ka8 32. Bd5 {
, è, äóìàþ, ÷òî ïðîèãðûâàòü òóò áåëûì ñîâñåì íå îáÿçàòåëüíî!}) 29. Bxd3 $6 {
È ñíîâà, âðîäå áû, ÷òî íåòî÷íîñòü.} ({Æåðòâó íàäî áûëî ïðèíèìàòü -} 29. Bxg5
$1 Qh5 $140 30. h4 {
, è òåïåðü ïðîòèâíèê äëÿ ïðîäîëæåíèÿ èãðû äîëæåí «ïîäíèìàòü» êðàñèâîå} Rd8 $3
({îïàñíî äëÿ ÷¸ðíûõ} 30... Qe2 31. e6 {, è íàñêîëüêî ÿ ïîíÿë çà ýòó ïåøêó +
ïîääåðæèâàþùåãî å¸ ñëîíà ÷¸ðíûå áóäóò âûíóæäåíû îòäàòü ëàäüþ. Êàê-òî òàê:}
Rf8 32. Rf1 Rf5 33. e7 Rxg5 34. hxg5 Qxe7 35. Bxd3 Qxg5 {è ò.ä.}) 31. Be6 $1 (
31. Bxd8 $4 d2 $19) 31... b6 $5 32. Bxd8 d2 {È êàê ýòî íè ñòðàííî, áîðüáà
çäåñü ìîæåò âñïûõíóòü ñ íîâîé ñèëîé. Ðàçóìååòñÿ, åñëè ÷¸ðíûå òóò ýòîãî
çàõîòÿò. À áåëûå - ïîçâîëÿò!} 33. Rc8+ Kb7 34. Rc7+ Ka6 $6 (34... Kb8 35. Rc8+
{è ò.ä.}) 35. Bc8+ Ka5 (35... Kb5 $4 36. Be7 $1 $18) 36. Rxa7+ $6 ({íî} 36. Be7
$1 d1=Q+ $140 37. Kh2 $1 a6 38. Bd7 {è ò.ä.}) 36... Kb4 ({íî íå} 36... Kb5 $2 {
, ïîñëå ÷åãî è äâà ôåðçÿ íå î÷åíü-òî ïîìîãàþò. À èìåííî -} 37. Be7 $1 d1=Q+
38. Kh2 Qd2 39. Bd7+ Qxd7 40. Rxd7 $16 {è ò.ä.}) 37. Be7+ Kc3 38. Rd7 d1=Q+ 39.
Rxd1 Qxd1+ 40. Kh2 {È îïÿòü ìàëî ÷òî ïîíÿòíî, íî î÷åíü èíòåðåñíî!}) 29... Qh5
30. Be4 Qxh2+ 31. Kf1 Qh3+ 32. Bg2 Qf5 33. Re1 {
Êîñâåííî çàùèùàÿ ïåøêó... È âäðóã ïîñëåäîâàëî} Qd3+ {
è ïîëó÷èëàñü íè÷üÿ. Íî ó ÷¸ðíûõ çäåñü îñòàâàëîñü Î×ÅÍü ìàëî âðåìåíè...} ({
Íåëüçÿ, êîíå÷íî æå,} 33... Qxe5 $4 {èç-çà} 34. Bxa7+ $1) (33... Re8) 34. Kg1
Qc3 35. Kf1 Qd3+ ({Ïëîõî áûëî áû} 35... Rh2 $2 36. e6 $1 Qg7 (36... Rxg2 $4 37.
e7 $18) 37. e7 Rh8 38. Bxg5 $1 {
è ò.ä. Èáî çäåñü çàùèùàòüñÿ ïðèøëîñü áû óæå ÷¸ðíûì}) ({Íî, åñëè ðàññìàòðèâàòü
ýòó ïîçèöèþ êàê íå÷òî îòäåëüíîå, òî, ïî âñåé âèäèìîñòè, íàèáîëåå ïðàâèëüíîé
çäåñü áûëà ñëåäóþùàÿ ìûñëü -} 35... Qb2 $5 36. e6 $140 Qxa2 37. Bxg5 Qxb3 38.
Kg1 (38. e7 Qb5+) 38... Re8 39. e7 a5 {
ñ îñòðåéøåé áîðüáîé. Íî ýòî, êîíå÷íî, íå äëÿ ðàçûãðûâàíèÿ â öåéòíîòå.}) 36.
Kg1 Qc3 37. Kf1 1/2-1/2